=LDR 00000nam 2200000 4500 =001 INLIS000000000011383 =005 20130612102943 =008 ***********************************Ind** =035 ##$$0010-061300000011383 =041 ##$$a Ind =082 ##$$a 959.813 =090 ##$$a 959.813, Amir s =100 ##$$a Amran, Rusli =245 ##$$a Sumatra Barat hingga Plakat Panjang, Rusli Amran =260 ##$$a 1981 $b Jakarta =300 ##$$a 652 hlm, 21 cm =650 ##$$a Sejarah - Sumatra =850 ##$$a NBPNMAT